| 000 | 00954nam a22002537a 4500 | ||
|---|---|---|---|
| 001 | 3872 | ||
| 003 | FISKH | ||
| 005 | 20240520134031.0 | ||
| 008 | 240520b cb ||||| |||| 00| 0 eng d | ||
| 020 | _a9780545065818 | ||
| 040 |
_aFISKH _beng _cFISKH _dFISKH |
||
| 100 |
_aLee, Quinlan B. _eauthor |
||
| 245 |
_aThe magic shool bus drops the trash / _cby Quinlan B. Lee |
||
| 260 |
_aNew York : _bSholastic ; _c2008 |
||
| 300 |
_a16 unnumbered pages : _bcolor illustratons ; _c20 cm . |
||
| 490 |
_a The Magic School Bus Phonics Reading Program _vBook 4 |
||
| 505 | _aE | ||
| 520 | _aThe Magic School Bus can transform into any shape to take Ms. Frizzle and her class on amazing field trips!. Climb aboard the Magic School Bus to learn about recycling and to read words with the short "o" sound. | ||
| 521 | 8 |
_a250
_bE |
|
| 521 | 8 |
_aLexile
_bRaz-Plus |
|
| 650 |
_aenvironment _vnon-fiction |
||
| 942 |
_2ddc _cBK _n0 |
||
| 999 |
_c3872 _d3872 |
||